ARMA model identification /

Guardado en:
Autor Principal: Choi, ByoungSeon.
Formato: Libro
Idioma:English
Publicado: New York : Springer-Verlag, c1992.
Series:Springer series in statistics. Probability and its applications
Materias:
Etiquetas: Agregar Etiqueta
Sin Etiquetas, Sea el primero en etiquetar este registro!
LEADER 00822pam a2200241 a 4500
001 MAT.inmabb006603
008 911224s1992####nyu######b####001#0#eng##
005 20120806150551.0
245 1 0 |a ARMA model identification /  |c ByoungSeon Choi. 
260 |a New York :  |b Springer-Verlag,  |c c1992. 
300 |a xi, 200 p. ;  |c 24 cm. 
440 0 |a Springer series in statistics.  |p Probability and its applications 
504 |a Incluye referencias bibliográficas (p. [149]-196) e índice. 
510 4 |a MR,  |c 94g:62169 
020 |a 0387977953 (New YorK) 
020 |a 3540977953 (Berlin) 
100 1 |a Choi, ByoungSeon. 
650 0 |a Autoregression (Statistics) 
650 0 |a Linear models (Statistics) 
084 |a 62M10 (93E12)  |2 msc2000 
010 |a  91045681  
040 |a DLC  |c DLC  |d DLC 
859 |h 62  |i C545  |p A-7079  |b BIB. MATEMATICA